000 00633nam a22002177a 4500
999 _c1513
_d1513
003 OSt
005 20210409161933.0
008 150421b xxu||||| |||| 00| 0 eng d
020 _a9780935702729
040 _cDDC
082 _222nd ed.
_a572.51 LIP 1994
100 _aLippard, Stephen
_93974
245 _aPrinciples of bioinorganic chemistry
260 _aUnited States;
_bUniversity Science Books,
_c1994
300 _axvii, 411p;
_bcol.ill:
_c26cm
504 _aBibliography, & index included
650 _aBioinorganic Chemistry
_93975
650 _aChemistry
_9797
700 _aBerg, Jeremy M.
_93976
942 _2ddc
_cO_SHELF